| 000 | 00351nam a2200133Ia 4500 | ||
|---|---|---|---|
| 008 | 191201s2009 xx 000 0 und d | ||
| 100 | _aGreenlaw, Raymond | ||
| 245 | 0 | _aInline/ Online Fundamentals of the Internet and the world wide web | |
| 250 | _arep | ||
| 260 |
_c2009 _bTMH _aNew Delhi |
||
| 300 | _a696 | ||
| 650 | _aIT 3RD SEM | ||
| 942 |
_2ddc _cBB |
||
| 999 |
_c7723 _d7723 |
||